Statistics for 20 Closest Countries to Mt. Everest

Click here to take the quiz!

General Stats

  • This quiz has been taken 61 times
  • The average score is 18 of 20

Answer Stats

Distance (Mi.)Country% Correct
0China
100%
0Nepal
100%
73India
98%
749.4Pakistan
95%
125.8Bhutan
91%
1,180Uzbekistan
91%
130.7Bangladesh
89%
1,444Iran
89%
900.6Thailand
89%
1,346Turkmenistan
89%
946.1Afghanistan
88%
978.7Laos
88%
1,053Kazakhstan
86%
480.2Myanmar
86%
940.1Tajikistan
86%
1,025Vietnam
86%
1,402Cambodia
84%
1,044Kyrgyzstan
82%
1,148Mongolia
79%
1,328Sri Lanka
77%

Score Distribution

Percentile by Number Answered

Percent of People with Each Score

Your Score History

You have not taken this quiz